[Event "Bruges Masters 2019"]
[Site "Bruges"]
[Date "2019.08.14"]
[Round "7.12"]
[White "Danneel, Geert"]
[Black "Cornelisse, John"]
[Result "0-1"]
[WhiteElo "1909"]
[BlackElo "2180"]
[Annotator "ChessBase"]
[PlyCount "138"]
[EventDate "2019.08.11"]
[EventType "swiss"]
[EventCountry "BEL"]
[SourceTitle "playchess.com"]
[Source "ChessBase"]
[SourceQuality "1"]
[TimeControl "5400+30"]

1. e4 {[%emt 0:00:00]} c6 {[%emt 0:00:00]} 2. Nc3 {[%emt 0:00:00]} d5 {[%emt 0:00:00]} 3. Nf3 {[%emt 0:00:00]} Bg4 {[%emt 0:00:11]} 4. h3 {[%emt 0:00:08]} Bxf3 {[%emt 0:00:20]} 5. Qxf3 {[%emt 0:00:09]} e6 {[%emt 0:00:24]} 6. d4 {[%emt 0:07:03]} Be7 {[%emt 0:10:36]} 7. Bd3 {[%emt 0:16:59]} Qb6 {[%emt 0:04:41]} 8. O-O {[%emt 0:04:17]} Nf6 {[%emt 0:12:01]} 9. exd5 {[%emt 0:12:53]} cxd5 {[%emt 0:01:23]} 10. Qg3 {[%emt 0:01:49]} O-O {[%emt 0:09:54]} 11. Bh6 {[%emt 0:05:03]} Ne8 {[%emt 0:00:16]} 12. Rfe1 {[%emt 0:08:55]} Qxd4 {[%emt 0:05:12]} 13. Nb5 {[%emt 0:10:41]} Qh4 {[%emt 0:02:30]} 14. Bf4 {[%emt 0:08:16]} Qxg3 {[%emt 0:00:54]} 15. Bxg3 {[%emt 0:00:01]} Nc6 {[%emt 0:00:16]} 16. a3 {[%emt 0:00:01]} Rc8 {[%emt 0:01:49]} 17. c4 {[%emt 0:03:07]} dxc4 {[%emt 0:13:34]} 18. Bxc4 {[%emt 0:00:19]} a6 {[%emt 0:00:39]} 19. Nc3 {[%emt 0:00:48]} Nd4 {[%emt 0:02:35]} 20. Bd3 {[%emt 0:00:50]} Nb3 {[%emt 0:00:48]} 21. Rad1 {[%emt 0:00:46]} Nf6 {[%emt 0:04:29]} 22. Ne4 {[%emt 0:05:27]} Rfd8 {[%emt 0:02:33]} 23. Nxf6+ {[%emt 0:00:41]} Bxf6 {[%emt 0:00:06]} 24. Be4 {[%emt 0:00:50]} Nc5 {[%emt 0:00:59]} 25. Rxd8+ {[%emt 0:02:52]} Rxd8 {[%emt 0:00:13]} 26. Bf3 {[%emt 0:01:44]} Bxb2 {[%emt 0:02:03]} 27. Bc7 {[%emt 0:00:01]} Rd7 {[%emt 0:00:36]} 28. Bb6 {[%emt 0:00:52]} Na4 {[%emt 0:02:21]} 29. Be3 {[%emt 0:01:33]} Kf8 {[%emt 0:06:27]} 30. Rb1 {[%emt 0:00:31]} Ke8 {[%emt 0:00:33]} 31. Bd1 {[%emt 0:00:22]} Nc3 {[%emt 0:00:11]} 32. Rxb2 {[%emt 0:01:12]} Nxd1 {[%emt 0:00:05]} 33. Re2 {[%emt 0:02:03]} Nxe3 {[%emt 0:00:07]} 34. Rxe3 {[%emt 0:00:02]} Rd4 {[%emt 0:00:19]} 35. Kf1 {[%emt 0:00:33]} Ke7 {[%emt 0:01:51]} 36. Ke2 {[%emt 0:00:43]} Kd7 {[%emt 0:02:26]} 37. Rc3 {[%emt 0:00:32]} f5 {[%emt 0:02:16]} 38. f3 {[%emt 0:02:12]} e5 {[%emt 0:01:08]} 39. Rc5 {[%emt 0:00:44]} Ke6 {[%emt 0:00:27]} 40. Rc7 {[%emt 0:00:13]} Rd7 {[%emt 0:00:06]} 41. Rc3 {[%emt 0:00:16]} h5 {[%emt 0:01:23]} 42. Rc4 {[%emt 0:00:44]} b5 {[%emt 0:00:42]} 43. Rc6+ {[%emt 0:00:31]} Rd6 {[%emt 0:00:05]} 44. Rc7 {[%emt 0:00:16]} g6 {[%emt 0:00:06]} 45. Rg7 {[%emt 0:00:36]} Kd5 {[%emt 0:00:11]} 46. Rc7 {[%emt 0:00:11]} e4 {[%emt 0:02:49]} 47. fxe4+ {[%emt 0:00:51]} Kxe4 {[%emt 0:00:05]} 48. Re7+ {[%emt 0:00:20]} Kd4 {[%emt 0:00:28]} 49. Rc7 {[%emt 0:00:25]} Rb6 {[%emt 0:01:09]} 50. Kf3 {[%emt 0:02:58]} a5 {[%emt 0:00:44]} 51. Kf4 {[%emt 0:00:22]} b4 {[%emt 0:00:05]} 52. Rd7+ {[%emt 0:00:26]} Kc3 {[%emt 0:00:11]} 53. Rc7+ {[%emt 0:01:06]} Kd2 {[%emt 0:01:10]} 54. Rd7+ {[%emt 0:00:35]} Ke2 {[%emt 0:00:06]} 55. Re7+ {[%emt 0:00:56]} Kf2 {[%emt 0:00:07]} 56. Rd7 {[%emt 0:00:59]} b3 {[%emt 0:00:22]} 57. Rd2+ {[%emt 0:00:15]} Ke1 {[%emt 0:00:05]} 58. Rb2 {[%emt 0:00:22]} Kd1 {[%emt 0:00:06]} 59. Ke3 {[%emt 0:00:23]} a4 {[%emt 0:00:20]} 60. Kd3 {[%emt 0:00:20]} Rd6+ {[%emt 0:01:41]} 61. Kc3 {[%emt 0:00:01]} Kc1 {[%emt 0:00:28]} 62. Rf2 {[%emt 0:00:55]} Rc6+ {[%emt 0:00:24]} 63. Kb4 {[%emt 0:00:36]} Rc2 {[%emt 0:00:08]} 64. Rf1+ {[%emt 0:00:24]} Kb2 {[%emt 0:00:10]} 65. Kxa4 {[%emt 0:00:13]} Ka2 {[%emt 0:00:04]} 66. Kb4 {[%emt 0:01:29]} b2 {[%emt 0:00:11]} 67. a4 {[%emt 0:00:04]} b1=Q+ {[%emt 0:00:16]} 68. Rxb1 {[%emt 0:00:01]} Kxb1 {[%emt 0:00:08]} 69. a5 {[%emt 0:00:04]} Rxg2 {[%emt 0:00:05]} 0-1

[Event "Bruges Masters 2019"]
[Site "Bruges"]
[Date "2019.08.14"]
[Round "8.1"]
[White "Legky, Nikolay A"]
[Black "Mirzoev, Azer"]
[Result "1/2-1/2"]
[WhiteElo "2397"]
[BlackElo "2474"]
[Annotator "ChessBase"]
[PlyCount "23"]
[EventDate "2019.08.11"]
[EventType "swiss"]
[EventCountry "BEL"]
[SourceTitle "playchess.com"]
[Source "ChessBase"]
[SourceQuality "1"]
[TimeControl "5400+30"]

1. d4 {[%emt 0:00:00]} d5 {[%emt 0:02:04]} 2. c4 {[%emt 0:00:00]} c6 {[%emt 0:00:03]} 3. Nf3 {[%emt 0:00:00]} Nf6 {[%emt 0:00:08]} 4. cxd5 {[%emt 0:00:00]} cxd5 {[%emt 0:00:07]} 5. Nc3 {[%emt 0:00:00]} e6 {[%emt 0:00:13]} 6. Bf4 {[%emt 0:00:00]} Nc6 {[%emt 0:00:06]} 7. e3 {[%emt 0:00:00]} Bd6 {[%emt 0:00:10]} 8. Bxd6 {[%emt 0:00:04]} Qxd6 {[%emt 0:00:05]} 9. Bd3 {[%emt 0:00:05]} O-O {[%emt 0:00:07]} 10. O-O {[%emt 0:00:04]} Bd7 {[%emt 0:00:02]} 11. Qe2 {[%emt 0:00:06]} Rfc8 {[%emt 0:00:09]} 12. Rfc1 {[%emt 1:35:41]} 1/2-1/2

[Event "Bruges Masters 2019"]
[Site "Bruges"]
[Date "2019.08.14"]
[Round "8.2"]
[White "Offringa, Joost"]
[Black "Ortiz Suarez, Isan Reynaldo"]
[Result "1/2-1/2"]
[WhiteElo "2291"]
[BlackElo "2533"]
[Annotator "ChessBase"]
[PlyCount "52"]
[EventDate "2019.08.11"]
[EventType "swiss"]
[EventCountry "BEL"]
[SourceTitle "playchess.com"]
[Source "ChessBase"]
[SourceQuality "1"]
[TimeControl "5400+30"]

1. c4 {[%emt 0:00:00]} c5 {[%emt 0:00:00]} 2. Nc3 {[%emt 0:00:03]} Nc6 {[%emt 0:00:00]} 3. g3 {[%emt 0:00:17]} g6 {[%emt 0:00:00]} 4. Bg2 {[%emt 0:00:23]} Bg7 {[%emt 0:00:01]} 5. e3 {[%emt 0:00:38]} e5 {[%emt 0:00:20]} 6. Nge2 {[%emt 0:00:58]} Nge7 {[%emt 0:00:06]} 7. O-O {[%emt 0:03:13]} O-O {[%emt 0:00:41]} 8. a3 {[%emt 0:03:03]} d6 {[%emt 0:02:24]} 9. b4 {[%emt 0:06:13]} Be6 {[%emt 0:05:09]} 10. Qb3 {[%emt 0:14:34]} Rb8 {[%emt 0:01:31]} 11. Nd5 {[%emt 0:02:17]} cxb4 {[%emt 0:19:05]} 12. axb4 {[%emt 0:00:14]} b5 {[%emt 0:00:22]} 13. Nec3 {[%emt 0:24:17]} bxc4 {[%emt 0:15:19]} 14. Qxc4 {[%emt 0:00:25]} Nxb4 {[%emt 0:01:10]} 15. Rxa7 {[%emt 0:00:50]} Nexd5 {[%emt 0:00:11]} 16. Nxd5 {[%emt 0:00:13]} Nxd5 {[%emt 0:00:52]} 17. Bxd5 {[%emt 0:00:09]} Qb6 {[%emt 0:00:10]} 18. Ra3 {[%emt 0:05:19]} Rfc8 {[%emt 0:00:56]} 19. Qa2 {[%emt 0:00:57]} Bxd5 {[%emt 0:04:13]} 20. Qxd5 {[%emt 0:00:08]} Rc5 {[%emt 0:04:21]} 21. Qa2 {[%emt 0:01:44]} Qc6 {[%emt 0:03:50]} 22. Ra6 {[%emt 0:02:39]} Qc8 {[%emt 0:07:19]} 23. Ra7 {[%emt 0:00:24]} Rc7 {[%emt 0:04:53]} 24. Rxc7 {[%emt 0:00:49]} Qxc7 {[%emt 0:00:03]} 25. Qd5 {[%emt 0:03:27]} Bf8 {[%emt 0:01:20]} 26. d4 {[%emt 0:04:59]} Qb7 {[%emt 0:03:00]} 1/2-1/2

[Event "Bruges Masters 2019"]
[Site "Bruges"]
[Date "2019.08.14"]
[Round "8.3"]
[White "Dgebuadze, Alexandre"]
[Black "Li, Zhenyu"]
[Result "1-0"]
[WhiteElo "2495"]
[BlackElo "2129"]
[Annotator "ChessBase"]
[PlyCount "69"]
[EventDate "2019.08.11"]
[EventType "swiss"]
[EventCountry "BEL"]
[SourceTitle "playchess.com"]
[Source "ChessBase"]
[SourceQuality "1"]
[TimeControl "5400+30"]

1. c4 {[%emt 0:00:00]} e6 {[%emt 0:05:19]} 2. Nf3 {[%emt 0:00:13]} d5 {[%emt 0:02:37]} 3. e3 {[%emt 0:01:29]} Nf6 {[%emt 0:00:20]} 4. Nc3 {[%emt 0:00:53]} c5 {[%emt 0:01:34]} 5. d4 {[%emt 0:00:07]} Nc6 {[%emt 0:00:02]} 6. a3 {[%emt 0:00:14]} a6 {[%emt 0:00:11]} 7. dxc5 {[%emt 0:00:40]} Bxc5 {[%emt 0:00:05]} 8. b4 {[%emt 0:00:12]} Ba7 {[%emt 0:00:57]} 9. Bb2 {[%emt 0:00:16]} O-O {[%emt 0:00:46]} 10. Bd3 {[%emt 0:06:02]} dxc4 {[%emt 0:08:22]} 11. Bxc4 {[%emt 0:00:09]} Qe7 {[%emt 0:07:27]} 12. O-O {[%emt 0:01:12]} b5 {[%emt 0:02:17]} 13. Bd3 {[%emt 0:03:32]} Bb7 {[%emt 0:06:01]} 14. Rc1 {[%emt 0:06:01]} Rfd8 {[%emt 0:03:42]} 15. Qe2 {[%emt 0:04:56]} Rac8 {[%emt 0:01:08]} 16. Bb1 {[%emt 0:00:22]} Bb8 {[%emt 0:03:48]} 17. Ne4 {[%emt 0:04:53]} Nxe4 {[%emt 0:00:48]} 18. Bxe4 {[%emt 0:00:07]} Na5 {[%emt 0:06:23]} 19. Bxb7 {[%emt 0:15:14]} Nxb7 {[%emt 0:00:03]} 20. Nd4 {[%emt 0:00:11]} Qd7 {[%emt 0:03:19]} 21. Rcd1 {[%emt 0:06:09]} Qc7 {[%emt 0:05:39]} 22. f4 {[%emt 0:01:35]} Nd6 {[%emt 0:01:06]} 23. Qg4 {[%emt 0:03:31]} g6 {[%emt 0:08:51]} 24. Qh3 {[%emt 0:11:28]} Nc4 {[%emt 0:01:13]} 25. Ba1 {[%emt 0:00:14]} Ba7 {[%emt 0:09:32]} 26. Kh1 {[%emt 0:07:56]} Nd6 {[%emt 0:04:04]} 27. Nxe6 {[%emt 0:02:29]} fxe6 {[%emt 0:00:15]} 28. Qxe6+ {[%emt 0:00:08]} Nf7 {[%emt 0:01:30]} 29. Qf6 {[%emt 0:02:27]} Kf8 {[%emt 0:00:03]} 30. Qg7+ {[%emt 0:01:10]} Ke7 {[%emt 0:00:27]} 31. Bf6+ {[%emt 0:01:59]} Ke6 {[%emt 0:00:01]} 32. Bxd8 {[%emt 0:03:47]} Rxd8 {[%emt 0:00:07]} 33. Qxh7 {[%emt 0:01:34]} Kf6 {[%emt 0:05:49]} 34. Rxd8 {[%emt 0:01:14]} Qxd8 {[%emt 0:00:03]} 35. f5 {[%emt 0:15:06]} 1-0

[Event "Bruges Masters 2019"]
[Site "Bruges"]
[Date "2019.08.14"]
[Round "8.4"]
[White "Cornelisse, John"]
[Black "Jonkman, Harmen"]
[Result "0-1"]
[WhiteElo "2180"]
[BlackElo "2394"]
[Annotator "NA"]
[PlyCount "66"]
[EventDate "2019.08.11"]
[EventType "swiss"]
[EventCountry "BEL"]
[SourceTitle "playchess.com"]
[Source "ChessBase"]
[SourceQuality "1"]
[TimeControl "5400+30"]

1. d4 {[%emt 0:00:00]} d5 {[%emt 0:00:00]} 2. Nf3 {[%emt 0:00:00]} Nf6 {[%emt 0:00:00]} 3. c4 {[%emt 0:00:24]} dxc4 {[%emt 0:00:07]} 4. Qa4+ {[%emt 0:02:49]} c6 {[%emt 0:01:27]} 5. Qxc4 {[%emt 0:00:08]} e6 {[%emt 0:00:34]} 6. e3 {[%emt 0:01:29]} Be7 {[%emt 0:00:48]} 7. Bd3 {[%emt 0:00:59]} O-O {[%emt 0:00:45]} 8. O-O {[%emt 0:00:51]} b6 {[%emt 0:06:24]} 9. Qa4 {[%emt 0:06:40]} Bb7 {[%emt 0:02:37]} 10. Rd1 {[%emt 0:01:25]} Nbd7 {[%emt 0:01:19]} 11. Qc2 {[%emt 0:03:15]} c5 {[%emt 0:06:46]} 12. Qe2 {[%emt 0:02:42]} Qc7 {[%emt 0:01:51]} 13. Nc3 {[%emt 0:01:40]} Rac8 {[%emt 0:10:43]} 14. Bd2 {[%emt 0:07:35]} Rfd8 {[%emt 0:07:59]} 15. Rac1 {[%emt 0:04:12]} Qb8 {[%emt 0:01:07]} 16. Bb1 {[%emt 0:01:38]} h6 {[%emt 0:02:00]} 17. Be1 {[%emt 0:08:37]} a6 {[%emt 0:04:17]} 18. e4 {[%emt 0:08:00]} cxd4 {[%emt 0:00:33]} 19. Nxd4 {[%emt 0:00:44]} Bd6 {[%emt 0:04:49]} 20. g3 {[%emt 0:03:36]} b5 {[%emt 0:00:29]} 21. a3 {[%emt 0:03:53]} Ne5 {[%emt 0:03:52]} 22. h3 {[%emt 0:07:51]} Nc4 {[%emt 0:03:15]} 23. Kh2 {[%emt 0:05:08]} Bc5 {[%emt 0:09:38]} 24. Nb3 {[%emt 0:01:54]} Rxd1 {[%emt 0:01:02]} 25. Rxd1 {[%emt 0:00:12]} Ba7 {[%emt 0:00:59]} 26. f3 {[%emt 0:02:18]} Ba8 {[%emt 0:00:59]} 27. Na2 {[%emt 0:02:35]} Nh5 {[%emt 0:07:29]} 28. f4 {[%emt 0:01:30]} Qb6 {[%emt 0:00:51]} 29. Bc3 {[%emt 0:00:26]} Qf2+ {[%emt 0:00:24]} 30. Qxf2 {[%emt 0:00:49]} Bxf2 {[%emt 0:00:03]} 31. g4 {[%emt 0:03:26]} Bg3+ {[%emt 0:00:24]} 32. Kg1 {[%emt 0:02:32]} Nxf4 {[%emt 0:00:03]} 33. Nb4 {[%emt 0:01:55]} Ne2+ {[%emt 0:02:11]} 0-1

[Event "Bruges Masters 2019"]
[Site "Bruges"]
[Date "2019.08.14"]
[Round "8.5"]
[White "Du, Chunhui"]
[Black "Van Osch, Mees"]
[Result "1-0"]
[WhiteElo "2137"]
[BlackElo "2316"]
[Annotator "NA"]
[PlyCount "97"]
[EventDate "2019.08.11"]
[EventType "swiss"]
[EventCountry "BEL"]
[SourceTitle "playchess.com"]
[Source "ChessBase"]
[SourceQuality "1"]
[TimeControl "5400+30"]

1. Nf3 {[%emt 0:07:45]} Nf6 {[%emt 0:00:18]} 2. d4 {[%emt 0:00:12]} g6 {[%emt 0:00:17]} 3. g3 {[%emt 0:00:51]} Bg7 {[%emt 0:00:06]} 4. Bg2 {[%emt 0:00:04]} O-O {[%emt 0:00:04]} 5. O-O {[%emt 0:00:20]} d5 {[%emt 0:02:59]} 6. c4 {[%emt 0:00:55]} c6 {[%emt 0:00:03]} 7. b3 {[%emt 0:01:23]} dxc4 {[%emt 0:00:20]} 8. bxc4 {[%emt 0:00:37]} c5 {[%emt 0:00:03]} 9. e3 {[%emt 0:01:56]} Nc6 {[%emt 0:00:56]} 10. Bb2 {[%emt 0:00:23]} Qb6 {[%emt 0:00:09]} 11. Qb3 {[%emt 0:01:03]} Ne4 {[%emt 0:00:46]} 12. Ne5 {[%emt 0:15:24]} Nd6 {[%emt 0:01:02]} 13. Nd2 {[%emt 0:10:41]} Be6 {[%emt 0:09:09]} 14. Rfc1 {[%emt 0:10:52]} Na5 {[%emt 0:07:49]} 15. Qxb6 {[%emt 0:03:40]} axb6 {[%emt 0:00:32]} 16. d5 {[%emt 0:00:11]} Bc8 {[%emt 0:04:03]} 17. Rab1 {[%emt 0:04:35]} f6 {[%emt 0:01:38]} 18. Nd3 {[%emt 0:01:41]} Bg4 {[%emt 0:08:15]} 19. Ba1 {[%emt 0:09:01]} Ra6 {[%emt 0:02:06]} 20. h3 {[%emt 0:04:15]} Bd7 {[%emt 0:03:57]} 21. f4 {[%emt 0:02:31]} Re8 {[%emt 0:07:27]} 22. Ne1 {[%emt 0:09:02]} e5 {[%emt 0:06:24]} 23. fxe5 {[%emt 0:04:23]} fxe5 {[%emt 0:00:23]} 24. e4 {[%emt 0:02:20]} Bh6 {[%emt 0:01:18]} 25. Nef3 {[%emt 0:00:54]} Ba4 {[%emt 0:20:42]} 26. Bf1 {[%emt 0:01:31]} Bg7 {[%emt 0:00:41]} 27. Bd3 {[%emt 0:00:48]} Bh6 {[%emt 0:04:28]} 28. Bc3 {[%emt 0:00:23]} Bg7 {[%emt 0:02:09]} 29. Rb2 {[%emt 0:00:05]} Bf6 {[%emt 0:01:11]} 30. Rcb1 {[%emt 0:00:07]} Nc8 {[%emt 0:00:11]} 31. Kg2 {[%emt 0:00:06]} Kf8 {[%emt 0:01:55]} 32. Nf1 {[%emt 0:00:25]} Re7 {[%emt 0:01:40]} 33. Ne3 {[%emt 0:00:16]} h5 {[%emt 0:00:05]} 34. g4 {[%emt 0:00:20]} Ke8 {[%emt 0:00:32]} 35. gxh5 {[%emt 0:00:28]} gxh5 {[%emt 0:01:06]} 36. Nf5 {[%emt 0:00:06]} Rh7 {[%emt 0:00:48]} 37. Bxe5 {[%emt 0:00:22]} Bxe5 {[%emt 0:00:31]} 38. Nxe5 {[%emt 0:00:02]} Bd7 {[%emt 0:00:07]} 39. Nxd7 {[%emt 0:00:10]} Kxd7 {[%emt 0:01:02]} 40. e5 {[%emt 0:00:10]} Ra8 {[%emt 0:00:25]} 41. e6+ {[%emt 0:00:13]} Kc7 {[%emt 0:00:09]} 42. Kf3 {[%emt 0:00:27]} Rh8 {[%emt 0:00:15]} 43. Ke4 {[%emt 0:00:18]} Rf8 {[%emt 0:00:04]} 44. Rg1 {[%emt 0:00:28]} Rxf5 {[%emt 0:00:29]} 45. Rg7+ {[%emt 0:00:04]} Kb8 {[%emt 0:00:11]} 46. Kxf5 {[%emt 0:00:07]} Nxc4 {[%emt 0:00:13]} 47. Bxc4 {[%emt 0:00:14]} Nd6+ {[%emt 0:00:01]} 48. Kg6 {[%emt 0:00:28]} Nxc4 {[%emt 0:00:08]} 49. Rg8+ {[%emt 0:00:10]} 1-0

[Event "Bruges Masters 2019"]
[Site "Bruges"]
[Date "2019.08.14"]
[Round "8.6"]
[White "Maugenest, Ghislain"]
[Black "Pel, Bonno"]
[Result "0-1"]
[WhiteElo "2068"]
[BlackElo "2255"]
[Annotator "NA"]
[PlyCount "68"]
[EventDate "2019.08.11"]
[EventType "swiss"]
[EventCountry "BEL"]
[SourceTitle "playchess.com"]
[Source "ChessBase"]
[SourceQuality "1"]
[TimeControl "5400+30"]

1. d4 {[%emt 0:00:00]} d6 {[%emt 0:02:48]} 2. c4 {[%emt 0:00:00]} g6 {[%emt 0:00:09]} 3. e4 {[%emt 0:00:22]} Bg7 {[%emt 0:00:18]} 4. Nc3 {[%emt 0:00:37]} e5 {[%emt 0:00:49]} 5. d5 {[%emt 0:00:45]} f5 {[%emt 0:01:42]} 6. exf5 {[%emt 0:00:35]} gxf5 {[%emt 0:00:41]} 7. Qh5+ {[%emt 0:02:07]} Kf8 {[%emt 0:00:21]} 8. Bd3 {[%emt 0:00:26]} Nf6 {[%emt 0:01:12]} 9. Qd1 {[%emt 0:01:05]} Na6 {[%emt 0:03:30]} 10. Nge2 {[%emt 0:01:05]} Qe8 {[%emt 0:03:23]} 11. O-O {[%emt 0:07:34]} Qg6 {[%emt 0:05:38]} 12. Ng3 {[%emt 0:09:56]} h5 {[%emt 0:06:24]} 13. f4 {[%emt 0:06:50]} e4 {[%emt 0:05:59]} 14. Bb1 {[%emt 0:07:17]} Rg8 {[%emt 0:01:56]} 15. Qe2 {[%emt 0:02:45]} Ng4 {[%emt 0:11:29]} 16. Ngxe4 {[%emt 0:12:00]} fxe4 {[%emt 0:03:04]} 17. f5 {[%emt 0:00:09]} Bd4+ {[%emt 0:01:44]} 18. Kh1 {[%emt 0:00:20]} Qe8 {[%emt 0:06:04]} 19. f6 {[%emt 0:02:25]} Rg6 {[%emt 0:08:07]} 20. f7 {[%emt 0:06:41]} Qe7 {[%emt 0:01:41]} 21. Nxe4 {[%emt 0:02:11]} Bd7 {[%emt 0:02:33]} 22. Qd3 {[%emt 0:09:06]} Bg7 {[%emt 0:06:09]} 23. h3 {[%emt 0:10:12]} Ne5 {[%emt 0:02:46]} 24. Qd1 {[%emt 0:02:39]} Bg4 {[%emt 0:03:12]} 25. Qc2 {[%emt 0:03:16]} Nb4 {[%emt 0:02:04]} 26. Qb3 {[%emt 0:01:20]} a5 {[%emt 0:05:19]} 27. a3 {[%emt 0:01:33]} Be2 {[%emt 0:00:38]} 28. Rf5 {[%emt 0:01:35]} Qh4 {[%emt 0:03:16]} 29. Bd2 {[%emt 0:05:13]} Bxc4 {[%emt 0:03:31]} 30. Qd1 {[%emt 0:00:14]} Nbd3 {[%emt 0:00:43]} 31. Ng5 {[%emt 0:02:24]} Rxg5 {[%emt 0:04:08]} 32. Bxg5 {[%emt 0:00:34]} Nf2+ {[%emt 0:00:39]} 33. Rxf2 {[%emt 0:00:46]} Qxf2 {[%emt 0:00:29]} 34. Qxh5 {[%emt 0:00:29]} Bxd5 {[%emt 0:00:30]} 0-1

[Event "Bruges Masters 2019"]
[Site "Bruges"]
[Date "2019.08.14"]
[Round "8.7"]
[White "Vandendriessche, Jan"]
[Black "Citak, Selim"]
[Result "1-0"]
[WhiteElo "2078"]
[BlackElo "2253"]
[Annotator "NA"]
[PlyCount "94"]
[EventDate "2019.08.11"]
[EventType "swiss"]
[EventCountry "BEL"]
[SourceTitle "playchess.com"]
[Source "ChessBase"]
[SourceQuality "1"]
[TimeControl "5400+30"]

1. Nf3 {[%emt 0:00:00]} Nf6 {[%emt 0:00:17]} 2. g3 {[%emt 0:00:09]} g6 {[%emt 0:00:22]} 3. Bg2 {[%emt 0:00:07]} Bg7 {[%emt 0:00:18]} 4. O-O {[%emt 0:00:06]} O-O {[%emt 0:00:09]} 5. d3 {[%emt 0:00:03]} c5 {[%emt 0:00:15]} 6. Nbd2 {[%emt 0:00:34]} Nc6 {[%emt 0:02:27]} 7. e4 {[%emt 0:00:09]} d6 {[%emt 0:00:43]} 8. a4 {[%emt 0:00:06]} Rb8 {[%emt 0:02:47]} 9. Nc4 {[%emt 0:00:19]} Qc7 {[%emt 0:03:55]} 10. Nh4 {[%emt 0:00:20]} b6 {[%emt 0:04:41]} 11. f4 {[%emt 0:05:01]} e6 {[%emt 0:03:04]} 12. Ne3 {[%emt 0:01:54]} Rd8 {[%emt 0:01:35]} 13. g4 {[%emt 0:00:16]} d5 {[%emt 0:04:21]} 14. g5 {[%emt 0:10:51]} d4 {[%emt 0:06:43]} 15. gxf6 {[%emt 0:15:46]} Bxf6 {[%emt 0:00:06]} 16. Ng4 {[%emt 0:00:08]} Bxh4 {[%emt 0:00:09]} 17. f5 {[%emt 0:00:06]} f6 {[%emt 0:07:16]} 18. fxg6 {[%emt 0:07:52]} hxg6 {[%emt 0:00:58]} 19. Nxf6+ {[%emt 0:01:33]} Bxf6 {[%emt 0:00:07]} 20. Rxf6 {[%emt 0:00:06]} Qg7 {[%emt 0:00:31]} 21. Bg5 {[%emt 0:04:38]} Bd7 {[%emt 0:01:12]} 22. Bh3 {[%emt 0:06:41]} Rf8 {[%emt 0:00:41]} 23. Bxe6+ {[%emt 0:17:18]} Bxe6 {[%emt 0:01:11]} 24. Rxe6 {[%emt 0:00:16]} Ne5 {[%emt 0:01:34]} 25. Kg2 {[%emt 0:10:24]} Nf3 {[%emt 0:10:31]} 26. Be7 {[%emt 0:01:08]} Qf7 {[%emt 0:11:41]} 27. Bxf8 {[%emt 0:02:31]} Rxf8 {[%emt 0:06:31]} 28. Rd6 {[%emt 0:02:17]} Qh7 {[%emt 0:00:27]} 29. h3 {[%emt 0:04:35]} Qh5 {[%emt 0:01:34]} 30. Rd5 {[%emt 0:01:23]} g5 {[%emt 0:00:39]} 31. Rf5 {[%emt 0:00:59]} Nh4+ {[%emt 0:01:57]} 32. Kh2 {[%emt 0:01:54]} Nf3+ {[%emt 0:01:03]} 33. Kg3 {[%emt 0:00:57]} Qh4+ {[%emt 0:01:24]} 34. Kg2 {[%emt 0:00:44]} g4 {[%emt 0:04:31]} 35. Rxf8+ {[%emt 0:00:40]} Kxf8 {[%emt 0:00:01]} 36. Qh1 {[%emt 0:00:15]} Ng5 {[%emt 0:01:58]} 37. Rf1+ {[%emt 0:02:19]} Ke7 {[%emt 0:00:06]} 38. Qh2 {[%emt 0:00:50]} gxh3+ {[%emt 0:02:27]} 39. Kh1 {[%emt 0:00:01]} Ne6 {[%emt 0:00:27]} 40. Qf2 {[%emt 0:00:27]} Qg4 {[%emt 0:00:58]} 41. e5 {[%emt 0:00:46]} Nf4 {[%emt 0:02:01]} 42. Rg1 {[%emt 0:00:30]} Qf5 {[%emt 0:02:51]} 43. Qh4+ {[%emt 0:00:09]} Kd7 {[%emt 0:02:02]} 44. Rg7+ {[%emt 0:00:56]} Kc6 {[%emt 0:00:09]} 45. Qf6+ {[%emt 0:00:57]} Qxf6 {[%emt 0:01:30]} 46. exf6 {[%emt 0:00:02]} Kd6 {[%emt 0:00:23]} 47. Rxa7 {[%emt 0:00:22]} Kd5 {[%emt 0:12:57]} 1-0

[Event "Bruges Masters 2019"]
[Site "Bruges"]
[Date "2019.08.14"]
[Round "8.8"]
[White "Decrop, Benjamin"]
[Black "Van Malder, Dries"]
[Result "1/2-1/2"]
[WhiteElo "2183"]
[BlackElo "2178"]
[Annotator "NA"]
[PlyCount "20"]
[EventDate "2019.08.11"]
[EventType "swiss"]
[EventCountry "BEL"]
[SourceTitle "playchess.com"]
[Source "ChessBase"]
[SourceQuality "1"]
[TimeControl "5400+30"]

1. d4 {[%emt 0:00:00]} Nf6 {[%emt 0:00:00]} 2. Nf3 {[%emt 0:00:00]} e6 {[%emt 0:00:00]} 3. e3 {[%emt 0:00:00]} b6 {[%emt 0:00:20]} 4. Bd3 {[%emt 0:00:00]} Bb7 {[%emt 0:00:07]} 5. O-O {[%emt 0:00:00]} c5 {[%emt 0:00:07]} 6. Nbd2 {[%emt 0:00:07]} d6 {[%emt 0:00:25]} 7. b3 {[%emt 0:00:16]} Be7 {[%emt 0:00:48]} 8. Bb2 {[%emt 0:00:05]} O-O {[%emt 0:00:16]} 9. c4 {[%emt 0:00:08]} Nbd7 {[%emt 0:00:53]} 10. Qe2 {[%emt 0:00:30]} a6 {[%emt 0:01:02]} 1/2-1/2

[Event "Bruges Masters 2019"]
[Site "Bruges"]
[Date "2019.08.14"]
[Round "8.9"]
[White "De Jong, Migchiel"]
[Black "Cocquyt, Tijs"]
[Result "1-0"]
[WhiteElo "2345"]
[BlackElo "2114"]
[Annotator "NA"]
[PlyCount "59"]
[EventDate "2019.08.11"]
[EventType "swiss"]
[EventCountry "BEL"]
[SourceTitle "playchess.com"]
[Source "ChessBase"]
[SourceQuality "1"]
[TimeControl "5400+30"]

1. e4 {[%emt 0:00:00]} c5 {[%emt 0:00:00]} 2. Nf3 {[%emt 0:00:00]} Nc6 {[%emt 0:00:00]} 3. Nc3 {[%emt 0:00:39]} e5 {[%emt 0:02:10]} 4. Bc4 {[%emt 0:00:12]} Be7 {[%emt 0:00:05]} 5. d3 {[%emt 0:00:49]} Nf6 {[%emt 0:01:43]} 6. Nd2 {[%emt 0:00:53]} d6 {[%emt 0:00:46]} 7. Nf1 {[%emt 0:00:16]} Bg4 {[%emt 0:00:30]} 8. Qd2 {[%emt 0:01:45]} O-O {[%emt 0:02:10]} 9. Ne3 {[%emt 0:04:25]} Be6 {[%emt 0:03:25]} 10. O-O {[%emt 0:00:27]} Nd4 {[%emt 0:06:17]} 11. Ncd5 {[%emt 0:06:19]} b5 {[%emt 0:08:45]} 12. Nxf6+ {[%emt 0:00:34]} Bxf6 {[%emt 0:00:10]} 13. Bd5 {[%emt 0:00:12]} Rc8 {[%emt 0:02:40]} 14. c3 {[%emt 0:00:49]} Nc6 {[%emt 0:00:15]} 15. a4 {[%emt 0:05:07]} b4 {[%emt 0:02:20]} 16. Qd1 {[%emt 0:02:07]} Bg5 {[%emt 0:13:24]} 17. Bxe6 {[%emt 0:01:26]} fxe6 {[%emt 0:00:09]} 18. Qg4 {[%emt 0:00:06]} Qe7 {[%emt 0:01:45]} 19. Nd5 {[%emt 0:05:01]} exd5 {[%emt 0:02:17]} 20. Bxg5 {[%emt 0:00:08]} Qf7 {[%emt 0:02:25]} 21. f4 {[%emt 0:01:27]} dxe4 {[%emt 0:05:03]} 22. dxe4 {[%emt 0:01:46]} exf4 {[%emt 0:02:40]} 23. Rxf4 {[%emt 0:02:22]} Ne5 {[%emt 0:09:29]} 24. Rxf7 {[%emt 0:01:16]} Nxg4 {[%emt 0:00:06]} 25. Rxa7 {[%emt 0:00:09]} bxc3 {[%emt 0:00:53]} 26. bxc3 {[%emt 0:00:08]} Rb8 {[%emt 0:01:30]} 27. Be7 {[%emt 0:00:46]} Rf7 {[%emt 0:06:36]} 28. Bxd6 {[%emt 0:00:19]} Rxa7 {[%emt 0:04:05]} 29. Bxb8 {[%emt 0:00:09]} Rd7 {[%emt 0:00:15]} 30. a5 {[%emt 0:00:13]} 1-0